000 00475nam a2200181Ia 4500
003 GCL
008 140319s9999 xx 000 0 eng d
040 _aGCL /
_cGCL
082 0 4 _a658.3
_bJ O
100 1 _aJOHNS, GARY
245 1 0 _aORGANIZATIONAL BEHAVIOR /
_cJOHNS, GARY
260 _a[S.N] :
_bHARPER COLLINS COLLEGE PUBLISBERS ،
_c1996
300 _a631 P
650 0 4 _aORGANIZATION
650 0 4 _aMANAGEMENT
650 0 4 _aORGANIZATIONAL BEHAVIOR
942 _2ddc
_cBK
999 _c13127
_d13127